<?xml version="1.0" encoding="UTF-8"?>
<collection xmlns="http://www.loc.gov/MARC21/slim">
 <record>
  <leader>     na                 </leader>
  <controlfield tag="001">INLIS000000000022234</controlfield>
  <controlfield tag="005">20241211093216</controlfield>
  <controlfield tag="007">ta</controlfield>
  <controlfield tag="008">241211                g          0 ind  </controlfield>
  <datafield tag="020" ind1=" " ind2=" ">
   <subfield code="a">979-0-9013944-2-1</subfield>
  </datafield>
  <datafield tag="035" ind1=" " ind2=" ">
   <subfield code="a">0010-1224000028</subfield>
  </datafield>
  <datafield tag="082" ind1=" " ind2=" ">
   <subfield code="a">782.265</subfield>
  </datafield>
  <datafield tag="084" ind1=" " ind2=" ">
   <subfield code="a">782.265 NAD k</subfield>
  </datafield>
  <datafield tag="100" ind1="0" ind2=" ">
   <subfield code="a">Nada Irama</subfield>
   <subfield code="e">Pengarang</subfield>
  </datafield>
  <datafield tag="245" ind1="1" ind2=" ">
   <subfield code="a">Koleksi Terlengkap Lagu Wajib Nasional Daerah Anak-Anak Indonesia</subfield>
  </datafield>
  <datafield tag="250" ind1=" " ind2=" ">
   <subfield code="a">Cetakan 1</subfield>
  </datafield>
  <datafield tag="264" ind1=" " ind2=" ">
   <subfield code="a">Pamulang, Tangerang Selatan :</subfield>
   <subfield code="b">Ilmu Media Publishing,</subfield>
   <subfield code="c">2019</subfield>
  </datafield>
  <datafield tag="300" ind1=" " ind2=" ">
   <subfield code="a">v + 100 halaman ;</subfield>
   <subfield code="c">23 cm</subfield>
  </datafield>
  <datafield tag="336" ind1=" " ind2=" ">
   <subfield code="2">rdacontent</subfield>
   <subfield code="a">Teks</subfield>
  </datafield>
  <datafield tag="337" ind1=" " ind2=" ">
   <subfield code="2">rdamedia</subfield>
   <subfield code="a">Tanpa Perantara</subfield>
  </datafield>
  <datafield tag="338" ind1=" " ind2=" ">
   <subfield code="2">rdacarrier</subfield>
   <subfield code="a">Lembar</subfield>
  </datafield>
  <datafield tag="504" ind1=" " ind2=" ">
   <subfield code="a">halaman 99</subfield>
  </datafield>
  <datafield tag="520" ind1=" " ind2=" ">
   <subfield code="a">Buku ini berisikan kumpulan lagu wajib nasional, lagu daerah dan lagu anak-anak Indonesia yang populer dan lengkap dengan not angka nya, sehingga mudah untuk dipelajari dengan alat musik. Dengan hadirnya buku ini, kita akan menghormati dan menghargai jasa para pahlawan, dan juga menghargai para seniman musik yang selalu mengobarkan semangat jiwa cinta tanah air. Selain, lagu-lagu nasional yang berkumandang di langit Indonesia, lagu daerah dan lagu anak turut serta dalam ragam kemajemukan yang tetap satu, serta optimis sebagai jati diri bangsa yang kuat.&#13;
&#13;
Buku ini merupakan kumpulan lagu wajib nasional, daerah, dan lagu anak-anak populer, disertai lirik dan not angka yang sangat lengkap. Buku ini dapat menjadi buku pegangan bagi para siswa sekolah tingkat dasar ataupun tingkat lanjutan, guru dan juga untuk umum. Lagu nasional, daerah dan lagu anak-anak populer merupakan warisan bangsa yang harus kita jaga setiap generasi ke generasi sebagai kekayaan bangsa dengan penuh tanggung jawab.&#13;
&#13;
Di kalangan dunia pendidikan, menyanyikan lagu wajib nasional dan kebangsaan merupakan hal yang lumrah, wajib, dan sudah menjadi kebiasaan. Sesuai dengan Peraturan Menteri Pendidikan dan Kebudayaan (Permendikbud) nomor 23 tahun 2015 tentang Penumbuhan Budi Pekerti, setiap sebelum memulai pelajaran, siswa menyanyikan lagu kebangsaan dan atau lagu nasional. Dengan mengenal lagu-lagu kebangsaan kita dapat menumbuhkan rasa cinta tanah air dan bangsa, menjaga persatuan dan kesatuan banga, menghilangkan rasa kedaerahan, serta rela berkorban jiwa, raga, serta harta demi bangsa dan negara.</subfield>
  </datafield>
  <datafield tag="650" ind1=" " ind2="4">
   <subfield code="a">Lagu Kebangsaan -- Kumpulan</subfield>
  </datafield>
  <datafield tag="990" ind1=" " ind2=" ">
   <subfield code="a">077198</subfield>
  </datafield>
  <datafield tag="990" ind1=" " ind2=" ">
   <subfield code="a">077199</subfield>
  </datafield>
 </record>
</collection>
